Gatas Rodas aúllan luna / (Record no. 181944)
[ view plain ]
| 000 -LEADER | |
|---|---|
| campo de control de longitud fija | 00582nam a2200181 i 4500 |
| 001 - NÚMERO DE CONTROL | |
| campo de control | 181944 |
| 003 - IDENTIFICADOR DE NÚMERO DE CONTROL | |
| campo de control | ES-MaACL |
| 005 - FECHA Y HORA DE LA ÚLTIMA TRANSACCIÓN | |
| campo de control | 20230906221507.0 |
| 008 - DATOS DE LONGITUD FIJA--INFORMACIÓN GENERAL | |
| campo de control de longitud fija | 130509s2009 sp |||| | spa d |
| 020 ## - NÚMERO INTERNACIONAL ESTÁNDAR DEL LIBRO | |
| Número Internacional Estándar del Libro | 978-84-6140-297-7 |
| 080 ## - NÚMERO DE LA CLASIFICACIÓN DECIMAL UNIVERSAL | |
| Número de la Clasificación Decimal Universal | 821.134.2-14"19" |
| 100 1# - ENTRADA PRINCIPAL--NOMBRE DE PERSONA | |
| Nombre de persona | Peris Hernández, Amparo. |
| 9 (RLIN) | 146620 |
| 245 10 - MENCIÓN DEL TÍTULO | |
| Título | Gatas Rodas aúllan luna / |
| Mención de responsabilidad, etc. | Amparo Peris ; [ilustraciones Rosario Raro López]. |
| 260 ## - PUBLICACIÓN, DISTRIBUCIÓN, ETC. | |
| Lugar de publicación, distribución, etc. | [Valencia?] : |
| Nombre del editor, distribuidor, etc. | Príncipe Otomano Printers, |
| Fecha de publicación, distribución, etc. | [2009?] |
| 300 ## - DESCRIPCIÓN FÍSICA | |
| Extensión | 70 p. : |
| Otras características físicas | il. ; |
| Dimensiones | 16 cm. |
| 700 0# - ENTRADA AGREGADA--NOMBRE PERSONAL | |
| Nombre de persona | Raro López, Rosario. |
| 9 (RLIN) | 95475 |
| 852 ## - LOCALIZACIÓN | |
| Ubicación | ES-MaACL |
| Número de control de estantería | N-5660 |
| Estatus retirado | Estado de pérdida | Fuente del sistema de clasificación o colocación | Estado de daño | No para préstamo | Biblioteca de origen | Biblioteca actual | Ubicación en estantería | Fecha de adquisición | Fuente de adquisición | Total de préstamos | Signatura topográfica completa | Código de barras | Visto por última vez | Precio de reemplazo | Tipo de ítem Koha |
|---|---|---|---|---|---|---|---|---|---|---|---|---|---|---|---|
| Clasificación decimal universal | Biblioteca del Ateneo de Madrid | Biblioteca del Ateneo de Madrid | Depósito 1 | 09/05/2013 | Donación | A-12659 | 1191204 | 23/02/2023 | 23/02/2023 | Libro impreso |
